000 00434nam a2200181Ia 4500
001 44825
008 140428s9999 xx 000 0 und d
020 _aNA
040 _cPK-LaUMT
082 _aRHC 891.4394
_bABD-M
100 _aAbdullah
245 _aMabaahis (Urdu)
_cAbdullah
260 _aLahore,Pakistan:
_bIlmi Kitab Khana,
_c1979
300 _a455 p.
546 _aUR
650 _aPakistani literature-Urdu
942 _cBK
999 _c42804
_d42804